00979cam a22002655a 4500001001000000003000400010005001700014008004100031020002500072040004000097082002000137100002900157245009500186250001200281260003900293300003500332500002400367504005100391650004900442653002400491700001900515942000800534999001700542952015400559016054031OSt20160927125937.0120227s2013 enka frb 001 0 eng d a9781856048392 (pbk.) aStDuBDSbengcStDuBDSdUkdEG-ScBUE04a025.52222bCAS1 aCassell, Kay Ann.94126310aReference and information services :ban introduction /cKay Ann Cassell and Uma Hiremath. a3rd ed. aLondon :bFacet Publishing,c2013. axvii, 510 p. :bill. ;c23 cm. aPrevious ed.: 2009. aIncludes bibliographical references and index. 7aReference services (Libraries)2BUEsh941264 bGGENcSeptember20161 aHiremath, Uma. 2ddc c22421d22393 00102ddc40708BaccahaMAINbMAINcLOWd2016-09-27ePurchaseg990.00l2m23o025.52 CASp000033654q2026-05-19r2020-12-14 00:00:00s2020-12-14yBB